| 000 | 00897nas a2200301 4500 | ||
|---|---|---|---|
| 001 | BR2013004081 | ||
| 003 | BR-BrBNA | ||
| 005 | 20231205122630.0 | ||
| 007 | ta | ||
| 008 | 230509b bl.|||p| |||| 00| 00por d | ||
| 040 |
_aBR-BrBNA _bpor _cBiblioteca Nacional de Agricultura |
||
| 041 | _a(En) | ||
| 072 | _aH20 | ||
| 100 | 1 | _aNascimento, J.F. do | |
| 100 | 1 | _aZambolim, L. | |
| 100 | 1 | _aVale, F.X.R. do | |
| 100 | 1 | _aBerger, P.G. | |
| 100 | 1 | _aCecon, P.R. | |
| 245 | 1 | _aCotton resistance to ramulose and variability of Colletotrichum gossypii f.sp. cephalosporioides | |
| 650 | _aALGODÃO | ||
| 650 | _aSUPERBROTAMENTO | ||
| 650 | _aVARIEDADE RESISTENTE | ||
| 650 | _aVÍRUS | ||
| 650 | _aFUNGO | ||
| 773 | 0 |
_tSumma Phytopatologica (Brazil) _xISSN 0100-5405 _g(Jan Mar 2006), v. 32(1) p. 9-15 _wBR2013004081 |
|
| 909 |
_a202311 _bLúcia _c55 _dLúcia Elande |
||
| 942 |
_2AGRIS _n0 _cANA |
||
| 999 |
_c229687 _d229687 |
||